00394nam a2200145Ia 4500003000400000005001700004008004100021040000900062082001700071100004400088245007400132260002300206300000800229650001100237OSt20210906104509.0190216s9999||||xx |||||||||||||| ||und|| coclc a492.7bALM/K aAl Mahmud, Al Shaikh Abdullah Bin Zaid  0aKhuthbal Bi Munasabat Ikhraj /cAl Shaikh Abdullah Bin Zaid Al Mahmud bMoohim Publicaion, a16p aArabic